Mechanics and applied mathematics: (Record no. 189107)
[ view plain ]
| 000 -LEADER | |
|---|---|
| fixed length control field | 00976 a2200193 4500 |
| 003 - CONTROL NUMBER IDENTIFIER | |
| control field | Nust |
| 005 - DATE AND TIME OF LATEST TRANSACTION | |
| control field | 20170207153556.0 |
| 020 ## - INTERNATIONAL STANDARD BOOK NUMBER | |
| International Standard Book Number | 44005395 |
| 040 ## - CATALOGING SOURCE | |
| Transcribing agency | Nust |
| 082 ## - DEWEY DECIMAL CLASSIFICATION NUMBER | |
| Classification number | 624.171 |
| 100 ## - MAIN ENTRY--PERSONAL NAME | |
| Personal name | Hills, William Donagan. |
| 245 ## - TITLE STATEMENT | |
| Title | Mechanics and applied mathematics: |
| Remainder of title | dynamics, statics, hydrostatics |
| Statement of responsibility, etc. | W. D. Hills |
| 260 ## - PUBLICATION, DISTRIBUTION, ETC. | |
| Place of publication, distribution, etc. | London |
| Name of publisher, distributor, etc. | University of London press, ltd. |
| Date of publication, distribution, etc. | 1959. |
| 300 ## - PHYSICAL DESCRIPTION | |
| Other physical details | 272p |
| Dimensions | diagrs |
| Accompanying material | 19 cm |
| 490 ## - SERIES STATEMENT | |
| Series statement | Part-1 |
| 505 ## - FORMATTED CONTENTS NOTE | |
| Formatted contents note | On Force (Page-1), On Mass (Page-4), On Motion (Page-8), On Combined Motion (Page-42), On Motion Reduced By The Action (Page-58), On Action (Page-77), On Elastic Impact (Page-96), On Power (Page-100), On Turning Effect Of A Force (Page-115), On Center Of Gravity (Page-133), On Reactions (Page-162), On Machines (Page-177), On Circular Motion (Page-197), On Density Of Substance (Page-207), On Displacement Of Fluids (Page-225), On Pressure Of Gases (Page-238). |
| 538 ## - SYSTEM DETAILS NOTE | |
| System details note | Almirah No.42 Shelf No. 2 |
| 650 ## - SUBJECT ADDED ENTRY--TOPICAL TERM | |
| Topical term or geographic name entry element | Mechanics. |
| 942 ## - ADDED ENTRY ELEMENTS (KOHA) | |
| Source of classification or shelving scheme | |
| Koha item type | Book |
| Withdrawn status | Lost status | Source of classification or shelving scheme | Damaged status | Not for loan | Collection code | Permanent Location | Current Location | Date acquired | Total Checkouts | Full call number | Barcode | Date last seen | Price effective from | Koha item type |
|---|---|---|---|---|---|---|---|---|---|---|---|---|---|---|
| Military College of Signals (MCS) | Military College of Signals (MCS) | 12/12/2016 | 624.171 HIL | MCS34845 | 12/08/2016 | 12/12/2016 | Book |
